ბათუმის შოთა რუსთაველის სახელმწიფო უნივერსიტეტის ბიბლიოთეკა

Эксплуатация приводной арматуры на химических предприятиях. (ბიბ.ჩანაწერი № 38386)

000 -LEADER
fixed length control field 00765nam a2200217Ia 4500
001 - CONTROL NUMBER
control field 4396
003 - CONTROL NUMBER IDENTIFIER
control field GE_BSU
008 - FIXED-LENGTH DATA ELEMENTS--GENERAL INFORMATION
fixed length control field 181216s||||||||xx |||||||||||||| ||und||
040 ## - CATALOGING SOURCE
Transcribing agency GE_BSU
080 ## - UNIVERSAL DECIMAL CLASSIFICATION NUMBER
Universal Decimal Classification number 621.64:66(035.3)
100 ## - MAIN ENTRY--PERSONAL NAME
Personal name Гуревич,Д.Ф. Заринский,О.Н. Шучинский,С.Х.
245 ## - TITLE STATEMENT
Title Эксплуатация приводной арматуры на химических предприятиях.
245 ## - TITLE STATEMENT
Remainder of title Справочник.
245 ## - TITLE STATEMENT
Statement of responsibility, etc. ред. С.Л. Томарченко.
260 ## - PUBLICATION, DISTRIBUTION, ETC.
Place of publication, distribution, etc. М.
260 ## - PUBLICATION, DISTRIBUTION, ETC.
Name of publisher, distributor, etc. Химия.
260 ## - PUBLICATION, DISTRIBUTION, ETC.
Date of publication, distribution, etc. 1985.
300 ## - PHYSICAL DESCRIPTION
Extent 360 стр. 22 см.
653 ## - INDEX TERM--UNCONTROLLED
Uncontrolled term Эксплуатация приводной арматуры на химических предприятиях.
942 ## - ADDED ENTRY ELEMENTS (KOHA)
Koha item type წიგნი
ეგზემპლარები
Withdrawn status Lost status Damaged status Not for loan Date acquired Barcode Date last seen Price effective from Koha item type Public note
        2018-12-17 9577 2018-12-17 2018-12-17 წიგნი საცავი